Marxism and other Western fallacies : (Record no. 17725)

MARC details
000 -LEADER
fixed length control field 00920cam a2200289 i 4500
001 - CONTROL NUMBER
control field 1809920
003 - CONTROL NUMBER IDENTIFIER
control field BDDh-ASL
005 - DATE AND TIME OF LATEST TRANSACTION
control field 20231015025630.0
008 - FIXED-LENGTH DATA ELEMENTS--GENERAL INFORMATION
fixed length control field 800102s1980 cau b 000 0 eng
010 ## - LIBRARY OF CONGRESS CONTROL NUMBER
LC control number 79029729
020 ## - INTERNATIONAL STANDARD BOOK NUMBER
International Standard Book Number 0933782063 :
Terms of availability $8.95
020 ## - INTERNATIONAL STANDARD BOOK NUMBER
International Standard Book Number 0933782055 (pbk.) :
Terms of availability $3095
020 ## - INTERNATIONAL STANDARD BOOK NUMBER
Canceled/invalid ISBN 0933782058 (pbk.) :
Terms of availability $3.95
040 ## - CATALOGING SOURCE
Original cataloging agency DLC
Transcribing agency DLC
Modifying agency BDDh-ASL
041 1# - LANGUAGE CODE
Language code of text/sound track or separate title engper
050 00 - LIBRARY OF CONGRESS CALL NUMBER
Classification number BP163
Item number .S516
082 00 - DEWEY DECIMAL CLASSIFICATION NUMBER
Classification number 297.2
Edition number 19
Item number SHM
100 ## - MAIN ENTRY--PERSONAL NAME
Personal name SHARI'ATI, ALI
9 (RLIN) 604
245 10 - TITLE STATEMENT
Title Marxism and other Western fallacies :
Remainder of title an Islamic critique /
Statement of responsibility, etc. Ali Shari'ati ; translated by R. Campbell.
260 ## - PUBLICATION, DISTRIBUTION, ETC.
Place of publication, distribution, etc. Berkeley :
Name of publisher, distributor, etc. Mizan Press,
Date of publication, distribution, etc. c1980.
300 ## - PHYSICAL DESCRIPTION
Extent 122 p. ;
Dimensions 21 cm.
440 #0 - SERIES STATEMENT/ADDED ENTRY--TITLE
Title Contemporary Islamic thought : persian series
504 ## - BIBLIOGRAPHY, ETC. NOTE
Bibliography, etc. note Includes bibliographical references.
650 #0 - SUBJECT ADDED ENTRY--TOPICAL TERM
Topical term or geographic name entry element Islam
Chronological subdivision 20th century.
906 ## - LOCAL DATA ELEMENT F, LDF (RLIN)
a 7
b cbc
c orignew
d 1
e ocip
f 19
g y-gencatlg
942 ## - ADDED ENTRY ELEMENTS (KOHA)
Source of classification or shelving scheme Dewey Decimal Classification
Koha item type Books
Holdings
Withdrawn status Lost status Source of classification or shelving scheme Damaged status Not for loan Collection code Home library Current library Shelving location Date acquired Source of acquisition Coded location qualifier Total Checkouts Full call number Barcode Date last seen Copy number Price effective from Koha item type Public note
    Dewey Decimal Classification   Not For Loan Non-fiction Asiatic Society Library Asiatic Society Library Ludden Collection 09/07/2020 Donated by Prof. David Ludden C-1   297.2 SHM 100844 09/07/2020 1 09/07/2020 Books RARE

Powered by Koha